Disclosing entrepreneurship as practice : (Record no. 1707)

MARC details
000 -LEADER
fixed length control field 01928cam a22004217i 4500
001 - CONTROL NUMBER
control field data
005 - DATE AND TIME OF LATEST TRANSACTION
control field 20260322212114.0
008 - FIXED-LENGTH DATA ELEMENTS--GENERAL INFORMATION
fixed length control field data
035 ## - SYSTEM CONTROL NUMBER
System control number 20376567
010 ## - LIBRARY OF CONGRESS CONTROL NUMBER
LC control number 2018935731
015 ## - NATIONAL BIBLIOGRAPHY NUMBER
National bibliography number GBB8F1835
Source bnb
016 7# - NATIONAL BIBLIOGRAPHIC AGENCY CONTROL NUMBER
Record control number 019019044
Source Uk
020 ## - INTERNATIONAL STANDARD BOOK NUMBER
International Standard Book Number 1785361368
Qualifying information hardcover
020 ## - INTERNATIONAL STANDARD BOOK NUMBER
International Standard Book Number 9781785361364
Qualifying information hardcover
020 ## - INTERNATIONAL STANDARD BOOK NUMBER
Canceled/invalid ISBN 9781785361371 (PDF ebook)
035 ## - SYSTEM CONTROL NUMBER
System control number (OCoLC)1022791955
040 ## - CATALOGING SOURCE
Original cataloging agency YDX
Language of cataloging eng
Transcribing agency YDX
Description conventions rda
Modifying agency DLC
-- RCE
-- OCL
-- UKMGB
-- AUW
-- UPM
-- DLC
042 ## - AUTHENTICATION CODE
Authentication code lccopycat
050 00 - LIBRARY OF CONGRESS CALL NUMBER
Classification number HB615
Item number .J634 2018
082 04 - DEWEY DECIMAL CLASSIFICATION NUMBER
Classification number 338/.04072
Edition information 23
100 1# - MAIN ENTRY--PERSONAL NAME
Personal name Johannisson, Bengt,
Dates associated with a name 1942-
Relator term author.
245 10 - TITLE STATEMENT
Title Disclosing entrepreneurship as practice :
Remainder of title the enactive approach /
Statement of responsibility, etc. Bengt Johannisson, Professor Emeritus, Linnaeus University, Sweden.
264 #1 - PRODUCTION, PUBLICATION, DISTRIBUTION, MANUFACTURE, AND COPYRIGHT NOTICE
Place of production, publication, distribution, manufacture Northampton, MA, USA :
-- Northampton, MA, USA :
Name of producer, publisher, distributor, manufacturer Edward Elgar Publishing,
Date of production, publication, distribution, manufacture, or copyright notice [2018]
264 #4 - PRODUCTION, PUBLICATION, DISTRIBUTION, MANUFACTURE, AND COPYRIGHT NOTICE
Date of production, publication, distribution, manufacture, or copyright notice ©2018
300 ## - PHYSICAL DESCRIPTION
Extent viii, 245 pages :
Other physical details illustrations ;
Dimensions 25 cm
336 ## - CONTENT TYPE
Content type term text
Content type code txt
Source rdacontent
337 ## - MEDIA TYPE
Media type term unmediated
Media type code n
Source rdamedia
338 ## - CARRIER TYPE
Carrier type term volume
Carrier type code nc
Source rdacarrier
504 ## - BIBLIOGRAPHY, ETC. NOTE
Bibliography, etc. note Includes bibliographical references (pages 214-239) and index.
505 0# - FORMATTED CONTENTS NOTE
Formatted contents note 1. Departure and roadmap, provisions and destiny -- 2. From process philosophy to practice theory, building and furnishing a paradigmatic platform -- 3. Featuring enactive research as a methodology -- 4. Practising enactive research,- constructing and contrasting tales of entrepreneuring -- 5. The practice of entrepreneuring, lessons from the field -- 6. Exploring the promises of enactive research.
650 #0 - SUBJECT ADDED ENTRY--TOPICAL TERM
Topical term or geographic name entry element Entrepreneurship
General subdivision Methodology.
-- Methodology.
650 #0 - SUBJECT ADDED ENTRY--TOPICAL TERM
Topical term or geographic name entry element Entrepreneurship.
650 #7 - SUBJECT ADDED ENTRY--TOPICAL TERM
Topical term or geographic name entry element Entrepreneurship.
Source of heading or term fast
Authority record control number or standard number (OCoLC)fst00912787
776 08 - ADDITIONAL PHYSICAL FORM ENTRY
Relationship information ebook version :
International Standard Book Number 9781785361371
906 ## - LOCAL DATA ELEMENT F, LDF (RLIN)
a 7
b cbc
c copycat
d 2
e ncip
f 20
g y-gencatlg
925 0# -
-- acquire
-- 1 shelf copy
-- policy default
Holdings
Withdrawn status Lost status Damaged status Not for loan Home library Current library Shelving location Date acquired Total checkouts Full call number Barcode Date last seen Price effective from Koha item type
        Springfield Springfield General stacks 22/03/2026   338/.04072 LOC-SPL-00050 22/03/2026 22/03/2026 Books